01594nam a2200325 i 4500001001000000003000900010005001700019007000300036008004100039020001800080040003000098082001800128110008000146245004900226246002800275250002200303264008300325300002700408336002700435337003300462338002800495490006400523590002600587942001400613952013400627952012200761952012700883952024101010999001701251000035908DO-SdBNP20241025142941.0ta111115s2011 dr r 000 0 spa d a9789945462272 aDO-SdBNPbspacBNPHUerda 4axxxxbxxx2221 aRepública DominicanabComisión Permanente de Efemérides Patria94530910a4 Poemas heroicos :bun ensayo un discurso /10aCuatro poemas heroicos. aSegunda edición 4aSanto Domingo :bEditora Comisión Permanente de Efemérides Patrias,c2011. a91 páginas ;c23 cm. atextobtxt2rdacontent asin mediaciónbn2rdamedia avolumenbnc2rdacarrier1 a50 Aniversario del ajusticiamiento de Trujillo 1961-2011v1 aInventariado, 2024/BT 2ddccLBS1 00102ddc56708DSaBNPHUbBNPHUcCTd2011-11-15l0oBNPHU DS p35908-30r2020-06-25te. 3w2020-06-25yLBS1ZPréstamo en sala 00102ddc51708PDaBNPHUbBNPHUcCTd2011-11-15l0oBNPHU PD p35908-10r2020-06-25w2020-06-25yLBS1ZNo se presta 00102ddc51708PDaBNPHUbBNPHUcCTd2011-11-15l0oBNPHU PD p35908-20r2020-06-25te.2w2020-06-25yLBS1ZNo se presta 00102ddc56708DSaBNPHUbBNPHUcCTd2024-10-25eDonado por la Presidencia de la República Dominicana 2023.l0oBNPHU DS p2024-6154r2024-10-25te.4w2024-10-25yLBS1zPerteneció a la biblioteca personal de Emilio Cordero Michel. c35399d35399